El reino del dragón de oro / (Registro nro. 2377)
[ vista simple ]
| 000 -LEADER | |
|---|---|
| fixed length control field | 01383nam a2200205 a 4500 |
| 008 - CAMPO DE CONTROL (LIBRO) | |
| fixed length control field | 161215e2013 ag ||||g |||| 00| f spa d |
| 020 ## - INTERNATIONAL STANDARD BOOK NUMBER | |
| ISBN | 9789500744522 |
| 041 ## - CODIGO DE IDIOMA | |
| Código de idioma del texto/pista de sonido o título separado | spa |
| 092 ## - SIGNATURA TOPOGRAFICA DEWEY LOCAL | |
| número de clasificación | 863 |
| libristica | 3 |
| sección | ALL |
| 100 1# - ENTRADA PRINCIPAL--NOMBRE PERSONAL | |
| Nombre personal | Allende, Isabel |
| 9 (RLIN) | 3210 |
| 245 #3 - TITULO PROPIAMENTE DICHO | |
| Título | El reino del dragón de oro / |
| Mención de responsabilidad y remanente de la transcripción de la portada | Isabel Allende |
| 250 ## - MENCION DE EDICION | |
| Mención de edición | 1a ed. |
| 260 ## - PIE DE IMPRENTA | |
| Lugar de publicación, distribución, etc | Buenos Aires: |
| Nombre de la editorial, distribuidor, etc | Sudamericana; |
| Fecha de publicación | 2013. |
| 300 ## - DESCRIPCION FISICA | |
| Extension | 336 p. |
| Dimensiones | 19x13 cm. |
| 500 ## - NOTA GENERAL | |
| Nota general | Allende, I. (2013). El reino del dragón de oro. (1a ed.). Buenos Aires : Sudamericana. |
| 505 ## - NOTA DE CONTENIDO | |
| Nota de contenido formateada | La estatua del Dragón de Oro permanece oculta en un reino pequeño y misterioso, enclavado en la cordillera del Himalaya. Y según cuenta la leyenda, este magnífico objeto, un poderoso instrumento de adivinación incrustado en piedras preciosas, preserva la paz de estas tierras. Una paz que ahora, por la codicia en el alma de los hombres, puede ser perturbada. En El Reino del Dragón de Oro, Isabel Allende nos invita a entrar en una doble aventura: seguir las peripecias de Alexander Cold, su abuela Kate y Nadia Santos, protagonistas de La Ciudad de las Bestias, en la belleza desnuda, limpia, de las montañas y los valles del Himalaya; y descubrir, con ayuda de la pluma mágica de Allende, el valor y la sencillez de las enseñanzas budistas. |
| 590 ## - NOTAS LOCALES (RLIN) | |
| Nota local | Proyecto 4to libro. Donación Adriana Navarro |
| 655 ## - MATERIA - GENERO/FORMA | |
| Género/Forma | Novela |
| -- | 3091 |
| 942 ## - ADDED ENTRY ELEMENTS (KOHA) | |
| Source of classification or shelving scheme | Dewey Decimal Classification |
| Item type | LITERATURA |
| Estado de retiro | Existencia | Fuente de clasificación | Estado general | No para prestamo | Colección | Ubicación permanente | ubicación actual | Sala de ubicación | Fecha de adquisición | Fuente de adquisición | Total Checkouts | Total Renewals | Número de clasificación | Código de barras | Date last seen | Date last borrowed | Número de ejemplar | Price effective from | Koha tipo de elemento (item) | Public note |
|---|---|---|---|---|---|---|---|---|---|---|---|---|---|---|---|---|---|---|---|---|
| Dewey Decimal Classification | Fiction | Biblioteca Medicina | Biblioteca Medicina | Circulación | 02/03/2017 | Donacion Adriana Navarro, Marzo 2017 | 5 | 2 | 863 3 ALL | 3832 | 25/02/2025 | 13/12/2024 | Ej.1 | 02/03/2017 | LITERATURA | Proyecto el 4to libro. Donación Navarro Adriana |